[Event "Barcelona Sant Marti op-B 21st"]
[Site "Barcelona"]
[Date "2019.07.18"]
[Round "6"]
[White "Munoz Lozano, Jorge Manuel"]
[Black "Parayre Soguero, Jordi"]
[Result "0-1"]
[WhiteElo "1792"]
[BlackElo "1948"]
[PlyCount "70"]
[EventDate "2019.07.13"]
[EventType "swiss"]
[EventRounds "9"]
[EventCountry "ESP"]
[SourceTitle "EXT 2020"]
[Source "ChessBase"]
[SourceDate "2019.10.17"]
[SourceVersion "1"]
[SourceVersionDate "2019.10.17"]
[SourceQuality "1"]

1. c4 b6 2. d4 Bb7 3. Nc3 e6 4. e4 Bb4 5. Qc2 Qh4 6. Bd3 f5 7. g3 Qh5 8. Be2 Qf7 9. Bf3 fxe4 10. Bxe4 Bxe4 11. Qxe4 Nc6 12. Bg5 Nf6 13. Qd3 0-0 14. Nf3 Ng4 15. Bf4 e5 16. Ng5 Qf5 17. Qxf5 Rxf5 18. dxe5 Ncxe5 19. f3 Bxc3+ 20. bxc3 Rxg5 21. fxg4 Nd3+ 22. Kd2 Nxf4 23. gxf4 Rxg4 24. Rae1 Kf7 25. Re2 Re8 26. Rf2 Re4 27. Rhf1 Rxc4 28. Kd3 d5 29. f5 Kf6 30. Re1 Rce4 31. Ref1 Rh4 32. Rg2 Rh3+ 33. Kd2 Ra4 34. Kd1 Rxc3 35. Rfg1 Rd4+ 0-1

[Event "Barcelona Tres Peons-D 47th"]
[Site "Barcelona"]
[Date "2018.05.11"]
[Round "3.2"]
[White "Garcia Espelta, Josep"]
[Black "Munoz Lozano, Jorge Manuel"]
[Result "1-0"]
[WhiteElo "2063"]
[BlackElo "1747"]
[PlyCount "67"]
[EventDate "2018.04.27"]
[EventType "tourn"]
[EventRounds "9"]
[EventCountry "ESP"]
[SourceTitle "EXT 2024"]
[Source "ChessBase"]
[SourceDate "2023.10.10"]
[SourceVersion "1"]
[SourceVersionDate "2023.10.10"]
[SourceQuality "1"]

1. e4 g6 2. d4 Bg7 3. Nc3 d6 4. f4 a6 5. a4 b6 6. Nf3 Bb7 7. Bd3 Nd7 8. 0-0 c5 9. d5 Qc7 10. Qe2 Ngf6 11. Nd1 0-0 12. c4 e6 13. Nc3 exd5 14. exd5 Rfe8 15. Qc2 Ng4 16. Nd1 Re7 17. h3 Ngf6 18. Bd2 Rae8 19. Nf2 b5 20. cxb5 axb5 21. Bxb5 Bxd5 22. Ne1 Ba8 23. Bc3 c4 24. Bd4 Ne4 25. Bxg7 Nxf2 26. Rxf2 Rxe1+ 27. Rxe1 Rxe1+ 28. Kh2 Nc5 29. Qxc4 Qe7 30. Bd4 Re4 31. Qc3 h5 32. b4 Qb7 33. bxc5 Rxf4 34. c6 1-0

[Event "Barcelona Sant Marti op-B 19th"]
[Site "Barcelona"]
[Date "2017.07.16"]
[Round "4"]
[White "Viera Falcon, Cristo"]
[Black "Munoz Lozano, Jorge Manuel"]
[Result "0-1"]
[WhiteElo "1889"]
[BlackElo "1759"]
[PlyCount "76"]
[EventDate "2017.07.13"]
[EventType "swiss"]
[EventRounds "9"]
[EventCountry "ESP"]
[SourceTitle "EXT 2018"]
[Source "ChessBase"]
[SourceDate "2017.10.13"]
[SourceVersion "1"]
[SourceVersionDate "2017.10.13"]
[SourceQuality "1"]

1. d4 g6 2. c4 Bg7 3. Nc3 d6 4. e4 Nd7 5. f3 e5 6. d5 Ngf6 7. g4 a5 8. Be3 Nc5 9. Be2 c6 10. Qd2 Qe7 11. dxc6 bxc6 12. 0-0-0 d5 13. cxd5 cxd5 14. Nxd5 Nxd5 15. Qxd5 Nb7 16. Bb5+ Kf8 17. Kb1 Be6 18. Qc6 Rc8 19. Qb6 f6 20. Bc6 Rc7 21. Bd5 Bxd5 22. exd5 Qd8 23. Ne2 Qd6 24. Qb3 Nc5 25. Qa3 Ke7 26. Qxa5 Rhc8 27. Nc3 Nb7 28. Qa4 Rc4 29. Qb3 Na5 30. Qc2 Rb4 31. Qd3 Nc4 32. Bc1 f5 33. Ka1 e4 34. Qe2 Nxb2 35. a3 Bxc3 36. Bg5+ Kf7 37. Ka2 Nxd1 38. axb4 Ra8+ 0-1

[Event "Sabadell op-B 9th"]
[Site "Sabadell"]
[Date "2016.09.02"]
[Round "2"]
[White "Campos Cayuelas, Adria"]
[Black "Munoz Lozano, Jorge Manuel"]
[Result "0-1"]
[WhiteElo "2020"]
[BlackElo "1757"]
[PlyCount "38"]
[EventDate "2016.09.01"]
[EventType "swiss"]
[EventRounds "9"]
[EventCountry "ESP"]
[SourceTitle "CBM 174 Extra"]
[Source "ChessBase"]
[SourceDate "2016.10.10"]
[SourceVersion "1"]
[SourceVersionDate "2016.10.10"]
[SourceQuality "1"]

1. e4 g6 2. d4 Bg7 3. Nc3 a6 4. f4 d6 5. Nf3 b5 6. Bd3 Bb7 7. 0-0 Nd7 8. e5 Nh6 9. e6 fxe6 10. Ng5 Bxd4+ 11. Kh1 Nc5 12. Nce4 Bd5 13. Nxh7 Nf5 14. Neg5 Nxd3 15. cxd3 Kd7 16. Qg4 Qg8 17. Qh3 Qg7 18. Re1 Rxh7 19. Qxh7 Rh8 0-1